| 000 | 00964nam a22002897a 4500 | ||
|---|---|---|---|
| 005 | 20250120164035.0 | ||
| 008 | 250120b |||||||| |||| 00| 0 eng d | ||
| 020 | _a978-1-3502-8291-9 (pbk) | ||
| 037 | _cTB | ||
| 040 |
_aCRL _cCRL |
||
| 041 |
_2eng _aeng |
||
| 084 |
_aO111,2J64:g(G:55) R5 _qCRL |
||
| 100 |
_aDaroy, Alys _9734768 |
||
| 245 |
_aShakespeare, ecology and adaptation: _bA practical guide |
||
| 260 |
_aLondon: _bBloomsbury Visual Arts, _c2025 |
||
| 300 | _aix,233p. | ||
| 490 | _aThe arden Shakespeare | ||
| 650 | _aShakespeare, William | ||
| 650 | _aEcology | ||
| 650 | _aEnglish literature | ||
| 653 | _aShakespeare, William | ||
| 653 | _aEcology | ||
| 653 | _aEnglish literature | ||
| 700 |
_aPrescott, Paul (Author) _9734769 |
||
| 942 |
_2CC _cTB _hO111,2J64:g(G:55) R5 _n0 |
||
| 999 |
_c1238206 _d1238206 |
||